000 00651nam a2200217Ii 4500
003 JO-AjNU
008 230606s9999||||xx |||||||||||||| ||und||
020 _a0-03-010309-6
040 _aJO-AjNU
_beng
_erda
_cJO-AjNU
041 _aeng
050 1 4 _aHF5635 1996
100 3 _aHanson,Ernest I/ Hamre,James C,
_eauthor
_93419
245 0 0 _aFinancial accounting : an introduction
250 _a8th ed
264 3 1 _aFort Worth: The Dryden Press,1996
300 _a636p
_b Includes indexes(pages 625-636)
336 _atext
_btxt
_2rdacontent
337 _aunmediated
_bn
_2rdamedia
338 _avolume
_bnc
_2rdacarrier
650 4 _aAccounting
_93420
999 _aE1785
_c1785
_d1785